| 000 | 00736nam a22002057a 4500 | ||
|---|---|---|---|
| 999 |
_c10926 _d10926 |
||
| 003 | AR-CdUCM | ||
| 008 | 190402b ||||| |||| 00| 0 spa d | ||
| 040 |
_aMUNICIPALIDAD PROVINCIAL DEL CUSCO _cBIBLIOTECA MUNICIPAL DEL CUSCO |
||
| 082 |
_a804 / _bP78 / 1955 |
||
| 100 |
_aPortuondo, José Antonio _916632 |
||
| 245 | _aEl heroísmo intelectual / | ||
| 260 |
_aMéxico : _bTezontle, _c1955. |
||
| 300 |
_a170 paginas ; _c21 cm. |
||
| 505 | _aContenido : Pasión y muerte del hombre -- Angélica y la libertad -- Lino Novás Calvo y el cuento hispanoamericano -- Elogio del dilettante ... | ||
| 650 |
_aLiteratura _983 |
||
| 650 |
_aMéxico _918 |
||
| 650 |
_aHeroísmo intelectual _928004 |
||
| 942 |
_2ddc _cLIBROS |
||
| 945 | _arah | ||